000 00484nam a2200193Ia 4500
005 20250603145315.0
008 250603s9999 xx 000 0 und d
020 _a9781119321095
050 _aHD 30.213 .R35/
100 _aRainer, kelly R.
245 0 _aManagement information systems: moving business forward
250 _a4th ed.
260 _aNew Jersey
260 _bJohn Wiley & Sons, Inc.
260 _c2017
300 _a514 p
650 _aNew Jersey
942 _cBK
999 _c41477
_d41477